Fire safety in residential care premises. (Record no. 101160)

MARC details
000 -LEADER
fixed length control field 00752cam a2200229 4500
008 - FIXED-LENGTH DATA ELEMENTS--GENERAL INFORMATION
fixed length control field 000000n1997 000 0 eng u
020 ## - INTERNATIONAL STANDARD BOOK NUMBER
International Standard Book Number 1902024001
035 ## - SYSTEM CONTROL NUMBER
System control number (Sirsi) u110908
050 ## - LIBRARY OF CONGRESS CALL NUMBER
Classification number 693.82
110 ## - MAIN ENTRY--CORPORATE NAME
Corporate name or jurisdiction name as entry element Abrahams Stollard Ltd
9 (RLIN) 4028
245 ## - TITLE STATEMENT
Title Fire safety in residential care premises.
260 ## - PUBLICATION, DISTRIBUTION, ETC.
Place of publication, distribution, etc. Epsom, Surrey
Name of publisher, distributor, etc. IBC
Date of publication, distribution, etc. 1997
300 ## - PHYSICAL DESCRIPTION
Extent 21p. ; 30cm.
520 ## - SUMMARY, ETC.
Summary, etc. A good practice guide to fire safety in residential care premises in England and Wales.
650 ## - SUBJECT ADDED ENTRY--TOPICAL TERM
Topical term or geographic name entry element MANAGEMENT-HEALTH AND SAFETY-FIRE SAFETY
650 ## - SUBJECT ADDED ENTRY--TOPICAL TERM
Topical term or geographic name entry element FIRE PREVENTION
650 ## - SUBJECT ADDED ENTRY--TOPICAL TERM
Topical term or geographic name entry element RISK ASSESSMENT
650 ## - SUBJECT ADDED ENTRY--TOPICAL TERM
Topical term or geographic name entry element HEALTH AND SAFETY
9 (RLIN) 6244
690 ## - LOCAL SUBJECT ADDED ENTRY--TOPICAL TERM (OCLC, RLIN)
Topical term or geographic name as entry element BUILT ENVIRONMENT-BUILDING STANDARDS
710 ## - ADDED ENTRY--CORPORATE NAME
Corporate name or jurisdiction name as entry element Institute of Building Control
9 (RLIN) 3341
942 ## - ADDED ENTRY ELEMENTS (KOHA)
Suppress in OPAC 0
Holdings
Withdrawn status Lost status Source of classification or shelving scheme Damaged status Not for loan Home library Current library Shelving location Date acquired Cost, normal purchase price Total Checkouts Full call number Barcode Date last seen Copy number Cost, replacement price Price effective from Koha item type
    Dewey Decimal Classification     London London Folio 14/02/2001 10.00   F693.82 ABR 30063419 06/08/2019 1 10.00 06/08/2019 Book